000 00462nam a2200181Ia 4500
005 20240823045327.0
008 240823s9999||||xx |||||||||||||| ||und||
020 _a81-87316-24-1
041 _aENGLISH
082 _A621.381 N9
100 _aMithal G K
245 0 _aElements of Electronics Engineering Basic Electronics
250 _a1st
260 _c1999
_bCentral Techno Publica
500 _aYES
650 _aElectronics
_bElectronics
942 _cBK
999 _c214702
_d214702